| 000 | 01692nac a22003251u 4500 | ||
|---|---|---|---|
| 010 | _a 2005020204 | ||
| 020 | _a9780195177831 (cloth : alk. paper) | ||
| 020 | _a0195177835 (cloth : alk. paper) | ||
| 082 | 0 | 0 |
_a305.4869 _bH1171 |
| 090 |
_c2781 _d2781 |
||
| 100 | _aHaddad, Yvonne Yazbeck | ||
| 245 | 1 | 0 |
_aMuslim women in America : _bthe challenge of Islamic identity today / _cYvonne Yazbeck Haddad, Jane I. Smith, Kathleen M. Moore. |
| 260 |
_aNew York : _bOxford University Press,2006 _c2006. |
||
| 300 |
_avi, 190 p. ; _c24 cm. |
||
| 504 | _aIncludes bibliographical references (p. [167]-183) and index. | ||
| 505 | 0 | _aSetting the scene -- Persistent stereotypes -- Embracing Islam -- Practices of the faith -- Gender and the family -- Muslim women in the crucible -- Claiming public space -- Competing discourses -- Glossary. | |
| 650 | 0 |
_aMuslims _zUnited States _xSocial conditions. |
|
| 650 | 0 |
_aMuslim women _zUnited States _xSocial conditions. |
|
| 650 | 0 |
_aGroup identity _zUnited States. |
|
| 650 | 0 |
_aSex role _zUnited States. |
|
| 650 | 0 |
_aIslam _xSocial aspects _zUnited States. |
|
| 651 | 0 |
_aUnited States _xReligious life and customs. |
|
| 651 | 0 |
_aUnited States _xEthnic relations. |
|
| 700 | 1 | _aSmith, Jane I. | |
| 700 | 1 |
_aMoore, Kathleen M., _d1959- |
|
| 856 | 4 | 1 |
_3Table of contents only _uhttp://www.loc.gov/catdir/toc/ecip0516/2005020204.html |
| 856 | 4 | 1 |
_3Publisher description _uhttp://www.loc.gov/catdir/enhancements/fy0640/2005020204-d.html |
| 942 |
_cBB _k305.4869H1171 |
||
| 999 |
_c2781 _d2781 |
||